000 00908cam a22002531 4500
001 8736427
003 ARRUPE
005 20131219114455.0
008 761108s1926 xx 000 0 eng
010 _a 26024166
035 _a(OCoLC)2546394
040 _aDLC
_cO
_dOCoLC
_dDLC
050 0 0 _aDS495.8.E9
_bY68 1926
100 1 _aYounghusband, Francis Edward,
_cSir,
_d1863-1942.
_95922
245 1 4 _aThe epic of Mount Everest,
_cby Sir Francis Younghusband.
260 _aNew York,
_bLongmans, Green & co.;
_aLondon,
_bE. Arnold,
_c1926.
300 _a319 p.
_bfront., illus. (maps) plates, ports.
_c21 cm.
611 2 0 _aMount Everest Expedition
_d(1921)
_95923
611 2 0 _aMount Everest Expedition
_d(1922)
_95924
611 2 0 _aMount Everest Expedition
_d(1924)
_95925
651 0 _aEverest, Mount (China and Nepal)
_95926
906 _a7
_bcbc
_coclcrpl
_du
_encip
_f19
_gy-gencatlg
942 _2lcc
_cMONOGRAPH
999 _c119342
_d119342